| 000 | 01227cam a2200337 a 4500 | ||
|---|---|---|---|
| 001 | 14471502 | ||
| 003 | NUST | ||
| 005 | 20220512115944.0 | ||
| 008 | 060728s2006 au a b 001 0 eng | ||
| 010 | _a 2006931768 | ||
| 020 | _a9783211335444 (pbk. : alk. paper) | ||
| 020 | _a3211335447 (pbk. : alk. paper) | ||
| 038 | _awaseem | ||
| 040 |
_aDLC _cDLC _dDLC |
||
| 050 | 0 | 0 |
_aQB281 _b.H545 2006 |
| 082 |
_a526.1 _bHOF |
||
| 100 | 1 |
_aHofmann-Wellenhof, B. _921120 |
|
| 245 | 1 | 0 |
_aPhysical geodesy / _cBernhard Hofmann-Wellenhof, Helmut Moritz. |
| 250 | _a2nd, corrected ed. | ||
| 260 |
_aWien ; _aNew York _bSpringerWienNewYork , _cc2006. |
||
| 300 |
_a403 p. : _bill. ; _c25 cm. |
||
| 563 | _aHBK. | ||
| 650 | 0 |
_aGeodesy _vTextbooks. _921121 |
|
| 650 | 0 |
_aGravity _xMeasurement _vTextbooks. _921122 |
|
| 700 | 1 |
_aMoritz, Helmut, _d1933- _921123 |
|
| 856 | 4 | 1 |
_3Table of contents only _uhttp://www.loc.gov/catdir/toc/fy0708/2006931768.html |
| 856 | 4 | 2 |
_3Publisher description _uhttp://www.loc.gov/catdir/enhancements/fy0824/2006931768-d.html |
| 906 |
_a7 _bcbc _corigcop _d2 _eepcn _f20 _gy-gencatlg |
||
| 942 |
_2ddc _cBK |
||
| 999 |
_c589657 _d589657 |
||